Southville International School and Colleges
Your cart is empty.
  • Cart
  • Lists
    Public lists Eva Luna New books Lux_list list_1
    Your lists Log in to create your own lists
  • Log in to your account
  • Your cookies
  • Search history
Southville International School and Colleges
  • Advanced search
  • Recent comments
  • Most popular
  • Libraries

Log in to your account

Log in with GOOGLE


If you do not have an external account, but do have a local account, you can still log in:

  1. Home
  2. MARC view: Think like a monk :
Normal view MARC view ISBD view

Think like a monk : (Record no. 368458)

[ view plain ]
MARC details
000 -LEADER
fixed length control field 00901nam a22002177a 4500
003 - CONTROL NUMBER IDENTIFIER
control field 0
005 - DATE AND TIME OF LATEST TRANSACTION
control field 20251104135502.0
008 - FIXED-LENGTH DATA ELEMENTS--GENERAL INFORMATION
fixed length control field 251104b xxu||||| |||| 00| 0 eng d
020 ## - INTERNATIONAL STANDARD BOOK NUMBER
International Standard Book Number 978-1-9821-4981-9
050 ## - LIBRARY OF CONGRESS CALL NUMBER
Classification number BF 637.S8
Item number .S54 2020
100 ## - MAIN ENTRY--PERSONAL NAME
Personal name Shetty, Jay,
Relator term author.
245 ## - TITLE STATEMENT
Title Think like a monk :
Remainder of title train your mind for peace and purpose every day /
Statement of responsibility, etc Jay Shetty.
260 ## - PUBLICATION, DISTRIBUTION, ETC. (IMPRINT)
Place of publication, distribution, etc New York :
Name of publisher, distributor, etc Simon & Schuster Paperbacks,
Date of publication, distribution, etc 2020.
300 ## - PHYSICAL DESCRIPTION
Extent 328 pages :
Other physical details illustrations ;
Dimensions 23 cm.
504 ## - BIBLIOGRAPHY, ETC. NOTE
Bibliography, etc Includes bibliographical references.
520 ## - SUMMARY, ETC.
Summary, etc "Jay Shetty draws on his experience as a monk to share practical steps for reducing stress, finding purpose, and developing lasting peace of mind through mindfulness and self-discipline."
650 ## - SUBJECT ADDED ENTRY--TOPICAL TERM
Topical term or geographic name as entry element Self-management (Psychology).
650 ## - SUBJECT ADDED ENTRY--TOPICAL TERM
Topical term or geographic name as entry element Mindfulness (Psychology)
650 ## - SUBJECT ADDED ENTRY--TOPICAL TERM
Topical term or geographic name as entry element Success
General subdivision Psychological aspects.
942 ## - ADDED ENTRY ELEMENTS (KOHA)
Source of classification or shelving scheme Library of Congress Classification
Koha item type Books
Holdings
Withdrawn status Lost status Source of classification or shelving scheme Damaged status Home library Current library Shelving location Date acquired Source of acquisition Sub Shelving location Total Checkouts Full call number Barcode Date last seen Date checked out Price effective from Koha item type
    Library of Congress Classification   Luxembourg Library Luxembourg Library High School Section 11/19/2024 Library Fund   1 BF 637.S8 .S54 2020 21377 11/05/2025 11/04/2025 11/04/2025 Books

Think like a monk :

APA

Shetty J., . (2020). Think like a monk. New York: Simon & Schuster Paperbacks.

Chicago

Shetty Jay, . 2020. Think like a monk. New York: Simon & Schuster Paperbacks.

Harvard

Shetty J., . (2020). Think like a monk. New York: Simon & Schuster Paperbacks.

MLA

Shetty Jay, . Think like a monk. New York: Simon & Schuster Paperbacks. 2020.

  • Place hold
  • Print
  • Cite
  • Add to your cart (remove)
  • Save record
    BIBTEX Dublin Core MARCXML MARC (non-Unicode/MARC-8) MARC (Unicode/UTF-8) MARC (Unicode/UTF-8, Standard) MODS (XML) RIS
  • More searches
    Search for this title in:
    Other Libraries (WorldCat) Other Databases (Google Scholar) Online Stores (Bookfinder.com) Open Library (openlibrary.org)

Exporting to Dublin Core...

SOUTHVILLE LIBRARY

Southville International School and Colleges Library

1281 Tropical Ave. Cor. Luxembourg St., BF Homes International, Las Pinas City

Tel. No. 8256374 / 252358 Loc. 117/146

Powered by Koha